Faculty of Law Library — Cairo University

Official Online Catalog

المسئولية الجنائية الضيقة Strict Liability في النظام الأنجلو أمريمي والقانون المقارن : (Record no. 69377)

MARC details
000 -LEADER
fixed length control field 01353nam a2200301 4500
003 - CONTROL NUMBER IDENTIFIER
control field EG-GICUC
005 - DATE AND TIME OF LATEST TRANSACTION
control field 20260406221922.0
008 - FIXED-LENGTH DATA ELEMENTS--GENERAL INFORMATION
fixed length control field 260406t2021 ua|||||f |||| 00| 0 ara d
040 ## - CATALOGING SOURCE
Original cataloging agency EG-GICUC
Language of cataloging ara
Transcribing agency EG-GICUC
Modifying agency EG-GICUC
Description conventions rda
043 ## - GEOGRAPHIC AREA CODE
Geographic area code f-ua---
082 04 - DEWEY DECIMAL CLASSIFICATION NUMBER
Edition number 21
Classification number 343.523073
092 04 - LOCALLY ASSIGNED DEWEY CALL NUMBER (OCLC)
Edition number 21
099 ## - LOCAL FREE-TEXT CALL NUMBER (OCLC)
Classification number Law1 10 343.523073 أ ح . م 2021
100 0# - MAIN ENTRY--PERSONAL NAME
Personal name أحمد لطفي السيد مرعي
245 12 - TITLE STATEMENT
Title المسئولية الجنائية الضيقة Strict Liability في النظام الأنجلو أمريمي والقانون المقارن :
Remainder of title (دراسة حول أزمة الركن المعنوي، وتراجع مبدأ لاجريمة بدون خطأ) /
Statement of responsibility, etc. أحمد لطفي السيد مرعي.
264 ## - PRODUCTION, PUBLICATION, DISTRIBUTION, MANUFACTURE, AND COPYRIGHT NOTICE
Place of production, publication, distribution, manufacture المنصورة:
Name of producer, publisher, distributor, manufacturer جامعة المنصورة;
Date of production, publication, distribution, manufacture, or copyright notice 2021.
300 ## - PHYSICAL DESCRIPTION
Extent 604 صفحة
Dimensions 24 سم
336 ## - CONTENT TYPE
Source rda content
Content type term text
337 ## - MEDIA TYPE
Source rda media
Media type term Computer
338 ## - CARRIER TYPE
Source rda carrier
Carrier type term Online Resource
500 ## - GENERAL NOTE
General note مجلة البحوث القانونية والاقتصادية <br/>دورية - علمية - محكمة<br/>العدد 75 - مارس 2021
500 ## - GENERAL NOTE
General note ISSN : 1687-2371
650 14 - SUBJECT ADDED ENTRY--TOPICAL TERM
Topical term or geographic name entry element المسئولية الجنائية من الجريمة الدولية
Source of heading or term qrmak
651 1# - SUBJECT ADDED ENTRY--GEOGRAPHIC NAME
Source of heading or term qrmak
856 40 - ELECTRONIC LOCATION AND ACCESS
Uniform Resource Identifier <a href="https://fll.law.cu.edu.eg/fulltext/bks/B10-08486.pdf">https://fll.law.cu.edu.eg/fulltext/bks/B10-08486.pdf</a>
905 ## - Cataloger and Reviser Names
Cataloger Name: Radwa
942 ## - ADDED ENTRY ELEMENTS (KOHA)
Source of classification or shelving scheme Dewey Decimal Classification
Suppress in OPAC No
Koha item type Books
Edition 21
Holdings
Withdrawn status Lost status Source of classification or shelving scheme Damaged status Not for loan Collection Home library Current library Date acquired Total checkouts Full call number Barcode Date last seen Price effective from Koha item type
    Dewey Decimal Classification   Not for loan القانون الجنائي جــــامعة القــاهرة مكتبة كلية الحقوق - المبنى الرئيسي 06.04.2026   Law1 10 343.523073 أ ح . م 2021 1008486 C1 B10-08486 06.04.2026 06.04.2026 Books

© All rights reserved — Faculty of Law, Cairo University